1559 1831 1457 1423 1043 1459 1602 1605 1756 1001 1769 1800 1073 1520 1505 1448 1197 1246 1597 1318 1114 1390 1032 1101 1426 1798 1461 1824 1326 1852 1159 1895 1579 1010 1810 1816 1106 1642 1201 1926 1846 1821 1320 1842 1990 1478 1993 1505 1514 1748 1844 1248 1769 1088 1634 1597 1738 1787 1063 1705 1321 1201 1555 1887 1221 1392 1197 1016 1531 1937 1119 1645 1952 1915 1059 1067 1802 1696 1976 1425 1216 1263 1459 1380 1384 1155 1851 1359 1231 1817 1894 1672 1154 1052 1950 1327 1295 1579 1870 BCNSPRNW ULIB Ver.6.0+V

เปลี่ยนเป็นภาษาไทย

Change to English
 แสดงรายละเอียดบรรณานุกรม
  กลับหน้าหลัก

Brief Record : Get Marc (ISO 2709) : E-mail record : QR code < ปิดหน้าต่าง
LEADER : 00000nam 2200000uu 4500
001    13399111383
003     ULIB
008    110623s2007||||th 000 0 eng d
020    9781405319294 (pbk.)
060 04 WQ200^bL487p 2007
100 1  Lees, Christoph
245 10 Pregnancy :^bquestions & answers /^cChristoph Lees,Grainne McCartan
250    Rev. ed., updated
260    London :^bDK,^c2007
300    264 p.:^bcol.ill. ;^c24 cm.
500    Includes index
650  0 Childbirth^vMiscellanea
650  0 Newborn infants^xCare^vMiscellanea
650  0 Pregnancy^vMiscellanea
700 1  McCartan, Grainne
945    ^p0^l0^i029042
995     Kesorn
999 ^a ใช้งานได้ทุกระบบ
รายการนี้ยังไม่มีแท็ก
คุณยังไม่ได้ล็อกอิน คุณสามารถมีกิจกรรมร่วมกับเว็บไซต์ได้ แต่ต้องล็อกอินก่อน ::
  ล็อกอิน

รายการสื่อสารสนเทศ

ลำดับที่ ประเภท เลขเรียก/บาร์โค้ด สถานที่ สถานะ
- ไม่พบข้อมูล -

BibComment


ยังไม่เคยถูกคอมเมนท์

คอมเมนท์ทรัพยากรรายการนี้
  คอมเมนท์: Pregnancy questi..


 Copyright 2026. Bcnsprnw @Library